<?xml version="1.0" encoding="UTF-8"?>
<record
    xmlns:xsi="http://www.w3.org/2001/XMLSchema-instance"
    xsi:schemaLocation="http://www.loc.gov/MARC21/slim http://www.loc.gov/standards/marcxml/schema/MARC21slim.xsd"
    xmlns="http://www.loc.gov/MARC21/slim">

  <leader>02675cam a22002775a 4500</leader>
  <controlfield tag="001">17445525</controlfield>
  <controlfield tag="005">20160524144712.0</controlfield>
  <controlfield tag="008">120829t2013    flua   frb    001 0 eng d</controlfield>
  <datafield tag="020" ind1=" " ind2=" ">
    <subfield code="a">9781439867006</subfield>
  </datafield>
  <datafield tag="040" ind1=" " ind2=" ">
    <subfield code="a">DLC</subfield>
    <subfield code="b">eng</subfield>
    <subfield code="c">DLC</subfield>
    <subfield code="d">DLC</subfield>
    <subfield code="d">EG-ScBUE</subfield>
  </datafield>
  <datafield tag="082" ind1="0" ind2="4">
    <subfield code="2">22</subfield>
    <subfield code="a">660.2832</subfield>
    <subfield code="b">HAY</subfield>
  </datafield>
  <datafield tag="100" ind1="1" ind2=" ">
    <subfield code="a">Hayes, R. E.</subfield>
    <subfield code="q">(Robert E.)</subfield>
    <subfield code="9">40080</subfield>
  </datafield>
  <datafield tag="245" ind1="1" ind2="0">
    <subfield code="a">Introduction to chemical reactor analysis  /</subfield>
    <subfield code="c">R. E. Hayes, J. P. Mmbaga..</subfield>
  </datafield>
  <datafield tag="250" ind1=" " ind2=" ">
    <subfield code="a">2nd ed.</subfield>
  </datafield>
  <datafield tag="260" ind1=" " ind2=" ">
    <subfield code="a">Boca Raton :</subfield>
    <subfield code="b">CRC Press / Taylor &amp; Francis Group,</subfield>
    <subfield code="c">c.2013.</subfield>
  </datafield>
  <datafield tag="300" ind1=" " ind2=" ">
    <subfield code="a">xxxi, 532 p. :</subfield>
    <subfield code="b">ill. ;</subfield>
    <subfield code="c">26 cm.</subfield>
  </datafield>
  <datafield tag="500" ind1=" " ind2=" ">
    <subfield code="a">Index : p. 529-532.</subfield>
  </datafield>
  <datafield tag="504" ind1=" " ind2=" ">
    <subfield code="a">Includes bibliographical references.</subfield>
  </datafield>
  <datafield tag="520" ind1=" " ind2=" ">
    <subfield code="a">"Preface: It has been about 10 years since the first edition of this book was published, and it is probably appropriate to begin by offering a justification for writing the book initially, and generating a second edition. As noted in the preface to the first edition, there are many good textbooks on chemical reaction engineering in existence. Many of the existing books on chemical reaction engineering are both excellent and comprehensive (Elements of Chemical Reaction Engineering by Scott Fogler and Chemical Reaction Engineering by Octave Levenspiel are both considered classics in the field). However, it can be this very comprehensiveness that may make them confusing to the neophyte. Most books contain material sufficient for several courses on chemical reaction engineering, although in some books the more complex topics are touched on only lightly. Other texts contain a mix of undergraduate and graduate level material, which can also make it difficult for the beginner in this topic to progress easily. This book, therefore, is not meant to be either comprehensive or complete, nor is it intended to offer a guide to reactor appreciation or give detailed historical perspectives. Rather, it is intended to provide an effective introduction to reactor analysis, and contains sufficient material to be covered in two terms of about 35-50-minute lectures each on reactor analysis. At the end of reading this book, and working the problems and examples, the reader should have a good basic knowledge sufficient to perform most of the common reaction engineering calculations that are required for the typical practicing engineer. Chemical kinetics and reactor design probably remain as the engineering specialization that separates the chemical engineer from other types of engineer"--</subfield>
  </datafield>
  <datafield tag="650" ind1=" " ind2="7">
    <subfield code="a">Chemical reactors</subfield>
    <subfield code="x">Analysis.</subfield>
    <subfield code="2">BUEsh</subfield>
    <subfield code="9">40081</subfield>
  </datafield>
  <datafield tag="650" ind1=" " ind2="7">
    <subfield code="a">Chemical reactors</subfield>
    <subfield code="x">Design.</subfield>
    <subfield code="2">BUEsh</subfield>
    <subfield code="9">40082</subfield>
  </datafield>
  <datafield tag="651" ind1=" " ind2=" ">
    <subfield code="2">BUEsh</subfield>
  </datafield>
  <datafield tag="653" ind1=" " ind2=" ">
    <subfield code="b">ENGGEN</subfield>
    <subfield code="c">May2016</subfield>
  </datafield>
  <datafield tag="700" ind1="1" ind2=" ">
    <subfield code="a">Mmbaga, J. P.,</subfield>
  </datafield>
  <datafield tag="942" ind1=" " ind2=" ">
    <subfield code="2">ddc</subfield>
  </datafield>
  <datafield tag="999" ind1=" " ind2=" ">
    <subfield code="c">21810</subfield>
    <subfield code="d">21782</subfield>
  </datafield>
  <datafield tag="952" ind1=" " ind2=" ">
    <subfield code="0">0</subfield>
    <subfield code="1">0</subfield>
    <subfield code="2">ddc</subfield>
    <subfield code="4">0</subfield>
    <subfield code="7">0</subfield>
    <subfield code="8">Alahram</subfield>
    <subfield code="a">MAIN</subfield>
    <subfield code="b">MAIN</subfield>
    <subfield code="c">1ST</subfield>
    <subfield code="d">2016-05-24</subfield>
    <subfield code="e">Purchase</subfield>
    <subfield code="g">486.00</subfield>
    <subfield code="h">1</subfield>
    <subfield code="l">2</subfield>
    <subfield code="m">2</subfield>
    <subfield code="o">660.2832 HAY</subfield>
    <subfield code="p">000032589</subfield>
    <subfield code="r">2025-07-15 00:00:00</subfield>
    <subfield code="s">2017-09-06</subfield>
    <subfield code="v">607.50</subfield>
    <subfield code="y">BB</subfield>
  </datafield>
</record>
